Všanuvannja našoho zemljaka na Zakarpatti v s. Nevyc´ke vidkryto memorial´nu došku I. Juhasevyču

Bibliographic Details
Main Author: M. M. (Author)
Format: Article
Language:Ukrainian
Subjects:

MARC

LEADER 00000nab a2200000 a 4500
001 vtls001518746
003 SK-MaSNL
005 20260318114135.0
008 160322c2005 xo wr p 000 00ukr
015 |a SVKPORB2005/02 
040 |a SVKPOCL  |b slo  |c SVKPO  |e AACR2 
041 0 |a ukr 
044 |a xo  |c SK 
080 |a 39-051  |2 UDC-MRF-SK2 
080 |a 37-051  |2 UDC-MRF-SK2 
080 |a 75.071.1  |2 UDC-MRF-SK2 
080 |a 929 Juhasevyč-Skljars´kyj, Ivan  |2 UDC-MRF-SK2 
080 |a 061.75  |2 UDC-MRF-SK2 
100 0 |a M. M.  |4 aut  |9 747991 
245 1 0 |a Všanuvannja našoho zemljaka na Zakarpatti  |b v s. Nevyc´ke vidkryto memorial´nu došku I. Juhasevyču  |c [avtor] M. M. 
600 1 7 |a Juhasevyč-Skljars'kyj, Ivan  |d 1741-1814  |2 svkpocl  |9 1221889 
648 7 |a 2004  |2 svkpocl  |9 303492 
650 0 7 |a pamätné tabule  |2 svkpocl  |9 29445 
651 7 |a Nevyc'ke (Ukrajina)  |2 svkpocl  |9 1598500 
651 7 |a Príkra (Slovensko)  |2 svkpocl  |9 59628 
651 7 |a Svidník (Slovensko : okres)  |2 svkpocl  |9 28651 
655 7 |a biografie  |2 svkpocl  |9 27965 
773 0 |t Nove žyttja  |g Roč. 55, č. 1-2 (2005), s. 8 
852 |a SVKPO  |b KIS3GCP 
958 |a RN 
958 |a UK 
958 |a BX 
958 |a UA 
958 |a SK 
999 |c 3365366  |d 3367296